Tribologia elastomerów i gumy z perspektywy inzynierii materialowej Studia i rozprawy

Na minha lista:
Detalhes bibliográficos
Autor principal: Bielinski, Dariusz M.
Formato: Livro
Idioma:polonês
Publicado em: Radom Instytut Technologii Eksploatacji 2009
Assuntos:
Acesso em linha:View in OPAC
Tags: Adicionar Tag
Sem tags, seja o primeiro a adicionar uma tag!

MARC

LEADER 00000nam a2200000 a 4500
005 20260127134414.0
008 091207 2009 pl 000 0 pol d
020 |a 9788372047526 
035 |a vtls010028695 
039 9 |a 201602081219  |b AUTHORITY  |c 201602081218  |d AUTHORITY  |c 201602081218  |d AUTHORITY  |y 200912071022  |z mschk03 
040 |a STUSCHK1  |b slo  |c STUSCHK1  |e AACR2 
080 |a 621.89 
080 |a 531.43 
100 1 |a Bielinski, Dariusz M. 
245 1 |a Tribologia elastomerów i gumy z perspektywy inzynierii materialowej  |b Studia i rozprawy  |c Dariusz M. bielinski 
260 |a Radom  |b Instytut Technologii Eksploatacji  |c 2009 
300 |a 192 s.  |b il.  |c 24,5 cm 
650 0 |a materiálové inžinierstvo 
650 0 |a tribológia 
650 0 |a chemická technológia 
650 0 |a fyzikálna chémie polymérov 
650 0 |a gumarenská technológia 
910 |a SCHK95 
919 |a 978-83-7204-752-6 
999 |c 11969  |d 11969